Los 100 equipos con mayor asistencia media - Estadísticas

Estadísticas generales
  • Esta prueba ha sido intentada 42 veces
  • La puntuación promedio es 45 de 100
Estadísticas de respuestas
País Club Asistencia Media % Correcto
Argentina River Plate 85.018
97%
Alemania Bayer Leverkusen 29.988
95%
España Atlético de Madrid 61.932
92%
Inglaterra Manchester City 46.556
92%
Inglaterra Manchester United 73.987
92%
España Real Madrid 73.658
92%
Italia Inter de Milán 71.934
89%
Italia Milán 73.012
89%
Francia PSG 47.676
89%
España Barcelona 44.314
86%
Portugal Benfica 59.381
86%
Inglaterra Liverpool 60.390
86%
Inglaterra Tottenham 61.001
86%
Inglaterra Arsenal 60.177
84%
Alemania Borussia Dortmund 81.365
84%
Inglaterra Chelsea 39.746
84%
Italia Juventus 40.928
84%
España Real Betis 58.350
84%
Italia Roma 62.671
84%
España Sevilla 37.607
84%
Francia Olympique de Lyon 49.216
81%
Francia Olympique de Marsella 64.973
81%
Portugal Oporto 45.599
81%
Holanda Ajax 53.730
78%
Alemania Bayern Múnich 75.000
78%
Escocia Celtic 51.987
78%
Holanda PSV 34.675
73%
Inglaterra Aston Villa 41.687
70%
Brasil Flamengo 62.454
70%
Alemania Hamburgo 56.888
70%
España Valencia 44.487
70%
España Athletic Club 48.284
68%
Holanda Feyenoord 47.500
68%
Turquía Galatasaray 43.238
68%
Italia Lazio 39.991
68%
Escocia Rangers 50.027
68%
Inglaterra Newcastle 52.152
65%
Italia Nápoles 50.716
62%
Portugal Sporting CP 42.177
62%
Alemania Eintracht Frankfurt 59.043
59%
Brasil Sao Paulo 33.976
59%
España Real Sociedad 30.890
57%
Inglaterra West Ham United 62.454
54%
Turquía Besiktas 30.084
51%
2º Alemania Schalke 04 61.826
51%
Inglaterra Everton 46.365
49%
Brasil Palmeiras 35.924
49%
Alemania Stuttgart 59.500
49%
Rusia Zenit 36.609
49%
Turquía Fenerbahce 38.895
43%
Inglaterra Leeds United 36.708
43%
Alemania Leipzig 46.725
43%
Francia Lille 43.371
43%
Alemania Werder Bremen 41.514
41%
Brasil Corinthians 40.029
38%
2º Alemania Hertha Berlín 48.451
38%
Inglaterra Sunderland 40.784
38%
Chile Universidad de Chile 35.765
38%
Alemania Borussia Mönchengladbach 51.258
32%
Alemania Colonia 50.000
32%
Colombia Atlético Nacional 29.981
30%
Arabia Saudi Al Ittihad 46.553
27%
Brasil Cruzeiro 45.683
27%
Alemania Mainz 32.390
24%
Inglaterra Nottingham Forest 30.423
24%
Inglaterra Wolverhampton 29.715
24%
Francia Lens 37.306
22%
Grecia Olympiacos 30.384
22%
Alemania St. Pauli 29.503
22%
Alemania Friburgo 34.186
19%
Japón Gamba Osaka 30.007
19%
2º Alemania Hannover 96 44.600
19%
EEUU Atlanta United 41.398
16%
Alemania Augsburgo 29.743
16%
Francia Nantes 29.680
16%
Italia Genoa 31.237
14%
2º Francia Saint Étienne 31.157
14%
Holanda Twente 29.775
14%
Brasil Bahía 38.397
11%
Italia Palermo 29.041
11%
EEUU Seattle Sounders 30.993
11%
Arabia Saudi Al Ahli 30.937
8%
2º Alemania Fortuna Düsseldorf 42.683
8%
2º Alemania Kaiserslautern 47.205
5%
Polonia Lech Poznan 30.390
5%
Japón Tokyo 29.104
5%
China Beijing Guoan 44.975
3%
Brasil Ceará 35.902
3%
2º Inglaterra Coventry City 29.864
3%
2ºAlemania Dynamo Dresden 31.407
3%
Japón Nagoya Grampus 32.263
3%
2º Alemania Núremberg 35.005
3%
China Shangái Shenhua 37.505
3%
Japón Urawa Red Diamonds 37.350
3%
3º Turquía Bursaspor 37.770
0%
EEUU Charlotte 30.664
0%
2º Alemania Karlsruher 30.618
0%
China Rongcheng 40.820
0%
2º China Tieren 29.913
0%
China Yingbo 52.268
0%
No se encontraron pruebas coincidentes
Distribución de puntuación
Porcentaje de gente con cada puntuación
Porcentaje por número respondido
Historial de tus puntuaciones
No has intentado esta prueba.